Paroles Disney - N'écoute que moi - Statistiques

Statistiques générales
  • Ce quiz a été pris 40 fois
  • Le résultat moyen est 175 sur 287
Statistiques - réponses
Personnage Paroles % Correct
ne
97%
moi
91%
moi,
91%
moi !
91%
que
91%
Tu
91%
tu
91%
N'écoute
88%
ce
84%
le
84%
ma
84%
te
84%
Mère Gothel | Raiponce Je
81%
je
81%
la
81%
La
81%
là,
81%
81%
ou
81%
ta
81%
de
78%
De
78%
es
78%
me
78%
Maman
75%
maman
75%
oui,
75%
oui
75%
Oui,
75%
Raiponce Oui ?
75%
tout
75%
un
75%
est
72%
mère
72%
mère,
72%
qui
72%
Raiponce
72%
Raiponce ?
72%
voudra
72%
dents
69%
Ecoute
69%
écoute
69%
Mère Gothel Mais
69%
Raiponce Mais...
69%
mal
69%
Mère Gothel Oh
69%
oh !
69%
sais
69%
Ça
66%
cela
66%
dans
66%
les
66%
mon
66%
pointues
66%
aux
63%
contrarie
63%
l'homme
63%
monde
63%
n'est
63%
Raiponce Non !
63%
pas
63%
qu'un
63%
Toute
63%
toute
63%
veux
63%
C'est
59%
et
59%
il
59%
petit
59%
pour
59%
protegeras
59%
Mère Gothel Si !
59%
suffit,
59%
amer
56%
bestioles
56%
Evite
56%
jour
56%
plus
56%
son
56%
t'ai
56%
t'aime,
56%
t'aime
56%
aller
53%
avec
53%
dit
53%
grosses
53%
l'oiseau
53%
manières
53%
Nous
53%
peste !
53%
peur ?
53%
Pourquoi
53%
pourquoi
53%
quitter
53%
qu'une
53%
reste
53%
seule,
53%
seule
53%
sommes
53%
sur
53%
terre
53%
viendra
53%
bébé,
50%
coeur
50%
crue
50%
drame,
50%
encore
50%
ici
50%
maladroite
50%
maudit
50%
nid
50%
perdue
50%
petite
50%
poussin
50%
qu'il
50%
rien
50%
suggère
50%
suite
50%
t'arrive
50%
Voilà
50%
voleurs,
50%
aime
47%
aussi
47%
Bandits,
47%
beauté
47%
bien
47%
Comme
47%
dis
47%
flasque
47%
même
47%
regretteras
47%
toutes
47%
vêtue,
47%
vivons-nous
47%
vous
47%
car
44%
comprends,
44%
elle
44%
empotée
44%
excuse
44%
fleur
44%
Ils
44%
mangerait
44%
N'oublie
44%
parler
44%
t'en
44%
t'entendre
44%
cette
41%
immature,
41%
j'espère...
41%
Partout
41%
sables mouvants
41%
tour,
41%
chérie
38%
chose
38%
clair ?
38%
est-ce
38%
fragile
38%
veut
38%
laisse
34%
Laisse
34%
t'aider
34%
Voyons
34%
Etourdie
31%
naïve,
31%
Regarde-toi
31%
Va
31%
va
31%
Mère Gothel Chut !
28%
guette
28%
serpents,
28%
Cannibales,
25%
suis
25%
surtout
25%
après
22%
fille,
19%
nourrie
19%
affronte
16%
brigands
16%
mérite
16%
mourir
16%
rhinocéros
16%
Simplette
16%
t'laisse
16%
trop
16%
verras
16%
abandonne-moi
13%
féroces
13%
sera
13%
tard
13%
bercée,
9%
changée,
9%
quand
9%
Aucun quiz correspondant
Distribution des résultats
% des personnes avec chaque résultat
Percentile par nombre de réponses
Votre historique - résultats
Vous n’avez pas pris ce quiz